What makes a flower grow?
Saved in:
| Main Author: | |
|---|---|
| Other Authors: | , |
| Format: | Book |
| Language: | English |
| Published: |
London :
Usborne,
1989
|
| Series: | Usborne Starting Point Science
|
| Subjects: | |
| Tags: |
Add Tag
No Tags, Be the first to tag this record!
|
MARC
| LEADER | 00000nam a2200000 i 4500 | ||
|---|---|---|---|
| 001 | 1/20622 | ||
| 008 | 970701s1989 eng d | ||
| 020 | |a 0-7460-0275-0 | ||
| 035 | |a 1995 |b 2 |c Μαμαλίγκα |l 10036083 | ||
| 040 | |a GR-MY-UA |b gre |e aacr | ||
| 041 | 0 | |a eng | |
| 082 | 0 | |a 582 | |
| 100 | 1 | |a Mayes, Susan. | |
| 245 | 1 | 0 | |a What makes a flower grow? / |c Susan Mayes ; illustrated by Brin Edwards, Mike Pringle |
| 260 | |a London : |b Usborne, |c 1989 | ||
| 300 | |a 24 p. | ||
| 490 | 1 | |a Usborne Starting Point Science | |
| 650 | 0 | 0 | |a Flowering plants |x Juvenile literature. |
| 650 | 0 | 0 | |a Flowers |x Juvenile literature. |
| 700 | 1 | |a Edwards, Brin. |4 ill | |
| 700 | 1 | |a Pringle, Mike. |4 ill | |
| 830 | 0 | |a Usborne Starting Point Science | |
| 852 | |a INST |b RHODES |e 19970701 |h 582 MAY |p 005400005335 |q 005400005335 |t BK |y 0 | ||
| 909 | |a Ρ |b 041971 |c 1995 | ||